Public personnel administration. (Record no. 2528)
[ view plain ]
| 000 -LEADER | |
|---|---|
| fixed length control field | 00641cam a2200205 a 4500 |
| 001 - CONTROL NUMBER | |
| control field | 12242784 |
| 005 - DATE AND TIME OF LATEST TRANSACTION | |
| control field | 20250114173241.0 |
| 008 - FIXED-LENGTH DATA ELEMENTS--GENERAL INFORMATION | |
| fixed length control field | 001128s2002 txu b 001 0 eng |
| 020 ## - INTERNATIONAL STANDARD BOOK NUMBER | |
| International Standard Book Number | 0155062689 |
| 050 00 - LIBRARY OF CONGRESS CALL NUMBER | |
| Classification number | JK765 |
| Item number | .S93 2002 |
| 082 00 - DEWEY DECIMAL CLASSIFICATION NUMBER | |
| Classification number | 352.6/0973 |
| Edition information | 21 |
| 100 1# - MAIN ENTRY--PERSONAL NAME | |
| Personal name | Sylvia, Ronald D., |
| Dates associated with a name | 1943- |
| 245 10 - TITLE STATEMENT | |
| Title | Public personnel administration. |
| 250 ## - EDITION STATEMENT | |
| Edition statement | 2nd ed. / |
| Remainder of edition statement | Ronald D. Sylvia, C. Kenneth Meyer. |
| 260 ## - PUBLICATION, DISTRIBUTION, ETC. | |
| Place of publication, distribution, etc. | Fort Worth, TX : |
| Name of publisher, distributor, etc. | Harcourt College Publishers, |
| Date of publication, distribution, etc. | c2002. |
| 300 ## - PHYSICAL DESCRIPTION | |
| Extent | xiii, 351 p. ; |
| Dimensions | 24 cm. |
| 650 #0 - SUBJECT ADDED ENTRY--TOPICAL TERM | |
| Topical term or geographic name entry element | Civil service |
| Geographic subdivision | United States |
| General subdivision | Personnel management. |
| 700 1# - ADDED ENTRY--PERSONAL NAME | |
| Personal name | Meyer, C. Kenneth. |
| 942 ## - ADDED ENTRY ELEMENTS (KOHA) | |
| Source of classification or shelving scheme | Library of Congress Classification |
| Koha item type | Books |
| Suppress in OPAC | No |
| 999 ## - | |
| -- | 2528 |
| -- | 2528 |
| Withdrawn status | Lost status | Source of classification or shelving scheme | Damaged status | Not for loan | Collection | Home library | Current library | Shelving location | Date acquired | Total checkouts | Full call number | Barcode | Date last seen | Copy number | Price effective from | Koha item type |
|---|---|---|---|---|---|---|---|---|---|---|---|---|---|---|---|---|
| Library of Congress Classification | Non-fiction | Undergraduate Library (Christ Temple) | Undergraduate Library (Christ Temple) | General stacks | 01/14/2025 | JK765 SYL | ulct00000803 | 01/14/2025 | 1 | 01/14/2025 | Books | |||||
| Library of Congress Classification | Non-fiction | Undergraduate Library (Christ Temple) | Undergraduate Library (Christ Temple) | General stacks | 01/14/2025 | JK765 SYL | ulct00000804 | 01/14/2025 | 2 | 01/14/2025 | Books | |||||
| Library of Congress Classification | Non-fiction | Undergraduate Library (Christ Temple) | Undergraduate Library (Christ Temple) | General stacks | 01/14/2025 | JK765 SYL | ulct00000805 | 01/14/2025 | 3 | 01/14/2025 | Books |